Tài liệu hướng dẫn giảng dạy, học tập các môn khoa học Mác-Lênin, tư tưởng Hồ Chí Minh trình độ đại học, cao đẳng Kèm theo công văn số 83/BGDĐT-ĐH&SĐH ngày 04 tháng 01 năm 2007 của Bộ trưởng Bộ Giáo dục và Đào tạo

Gespeichert in:
Bibliographische Detailangaben
Körperschaft: Bộ giáo dục và đào tạo
Format: Buch
Sprache:Vietnamese
Veröffentlicht: H. Bộ giáo dục và đào tạo 2007
Schlagworte:
Tags: Tag hinzufügen
Keine Tags, Fügen Sie den ersten Tag hinzu!
Thư viện lưu trữ: Mạng thư viện Đại học Đà Nẵng
LEADER 01328nam a2200325 4500
001 000006430
003 2585
005 20110912100924.0
008 110909s2007 viesd
041 0 |a vie 
082 |a 335.40711  |b BÔG 
110 |a Bộ giáo dục và đào tạo 
245 0 |a Tài liệu hướng dẫn giảng dạy, học tập các môn khoa học Mác-Lênin, tư tưởng Hồ Chí Minh trình độ đại học, cao đẳng  |b Kèm theo công văn số 83/BGDĐT-ĐH&SĐH ngày 04 tháng 01 năm 2007 của Bộ trưởng Bộ Giáo dục và Đào tạo  |c Bộ giáo dục và đào tạo 
260 |a H.  |b Bộ giáo dục và đào tạo  |c 2007 
300 |a 189 tr.  |c 29 cm. 
653 |a Giảng dạy 
653 |a Học tập 
653 |a Mác-Lênin 
653 |a Hồ Chí Minh 
910 |a Huỳnh Thị Cẩm Lai  |d 09/09/2011 
OWN |a LSP 
AVA |a UDN50  |b LSP  |d 335.40711 BÔG  |e available  |t Error 5001 Not defined in file expand_doc_bib_avail.  |f 3  |g 0  |h N  |i 0  |k 1 
999 |a From the UDN01 
AVA |a UDN50  |b LSP  |d 335.40711 BÔG  |e available  |t Error 5001 Not defined in file expand_doc_bib_avail.  |f 3  |g 0  |h N  |i 0  |k 1 
TYP |a Monograph 
TYP |a Printed language 
980 |a Mạng thư viện Đại học Đà Nẵng